Yakov and the seven thieves / (Record no. 492)

MARC details
000 -LEADER
fixed length control field 00946cam a2200277 a 4500
005 - DATE AND TIME OF LATEST TRANSACTION
control field 20240430102557.0
020 ## - INTERNATIONAL STANDARD BOOK NUMBER
International Standard Book Number 0670058874
040 ## - CATALOGING SOURCE
Original cataloging agency DLC
Transcribing agency DLC
Modifying agency DLC
Language of cataloging eng
050 00 - LIBRARY OF CONGRESS CALL NUMBER
Classification number PZ7.M26573
Item number Yak 2004
082 00 - DEWEY DECIMAL CLASSIFICATION NUMBER
Classification number 813.6
Edition number 22
100 0# - MAIN ENTRY--PERSONAL NAME
Personal name Ciccone, Madonna Louise
Dates associated with a name 1958-
245 10 - TITLE STATEMENT
Title Yakov and the seven thieves /
Statement of responsibility, etc. by Madonna ; art by Gennady Spirin.
250 ## - EDITION STATEMENT
Edition statement 1st ed.
260 ## - PUBLICATION, DISTRIBUTION, ETC.
Place of publication, distribution, etc. New York :
Name of publisher, distributor, etc. Callaway,
Date of publication, distribution, etc. 2004.
300 ## - PHYSICAL DESCRIPTION
Extent 30 pages, 2 leaves of plates :
Other physical details color illustrations.
Dimensions 26 cm.
505 ## - FORMATTED CONTENTS NOTE
Formatted contents note O
520 ## - SUMMARY, ETC.
Summary, etc. When Yakov, the cobbler's son lies dying, it is the thieves, pickpockets, and criminals of the village whose prayers are heard, causing the boy to be healed.
521 ## - TARGET AUDIENCE NOTE
Target audience note 850 <br/>
Source Lexile AD
521 ## - TARGET AUDIENCE NOTE
Target audience note O <br/>
Source Raz-Plus
650 #1 - SUBJECT ADDED ENTRY--TOPICAL TERM
Topical term or geographic name entry element Prayer
Form subdivision Fiction.
650 #1 - SUBJECT ADDED ENTRY--TOPICAL TERM
Topical term or geographic name entry element Criminals
Form subdivision Fiction.
700 1# - ADDED ENTRY--PERSONAL NAME
Personal name Spirin, Gennady,
Relator term ill.
906 ## - LOCAL DATA ELEMENT F, LDF (RLIN)
a 7
b cbc
c orignew
d 1
e ecip
f 20
g y-gencatlg
942 ## - ADDED ENTRY ELEMENTS (KOHA)
Source of classification or shelving scheme Dewey Decimal Classification
Koha item type Books
Suppress in OPAC No
999 ## -
-- 492
-- 492
Holdings
Withdrawn status Lost status Source of classification or shelving scheme Damaged status Not for loan Collection Home library Current library Shelving location Date acquired Total Checkouts Full call number Barcode Date last seen Price effective from Koha item type Copy number
    Dewey Decimal Classification     Juvenile Fiction Footprints International School Library Network Toul Kork Campus Footprints International School Library Network Toul Kork Campus A TK Campus, 4th Floor, Room B401, Fiction Bookcases (1-6) 05/02/2023   813.6 PZ7.M26573 FISTK02393 05/02/2023 05/02/2023 Books  
    Dewey Decimal Classification     Fiction Footprints International School Library Network Toul Tom Poung Campus Footprints International School Library Network Toul Tom Poung Campus TTP Secondary Fiction Bookshelves 11/10/2025   813.6 PZ7.M26573 FIS03361 11/10/2025 11/10/2025 Books 2